UBT Library

Medical Surgical Nursing: (Record no. 1433)

000 -LEADER
fixed length control field 00389nam a22001457a 4500
008 - FIXED-LENGTH DATA ELEMENTS--GENERAL INFORMATION
fixed length control field 160419b xxu||||| |||| 00| 0 eng d
020 ## - INTERNATIONAL STANDARD BOOK NUMBER
International Standard Book Number 9780781785891
020 ## - INTERNATIONAL STANDARD BOOK NUMBER
International Standard Book Number 9780781785907
020 ## - INTERNATIONAL STANDARD BOOK NUMBER
International Standard Book Number 9781608310807
020 ## - INTERNATIONAL STANDARD BOOK NUMBER
International Standard Book Number 9781608310883
041 ## - LANGUAGE CODE
Language code of text/sound track or separate title eng
080 ## - UNIVERSAL DECIMAL CLASSIFICATION NUMBER
Universal Decimal Classification number 618.2
245 ## - TITLE STATEMENT
Title Medical Surgical Nursing:
Statement of responsibility, etc Suzanne C. Smeltzer; Brenda G. Bare; Janice L.Hinkle;
942 ## - ADDED ENTRY ELEMENTS (KOHA)
Source of classification or shelving scheme
Item type Books
Holdings
Withdrawn status Lost status Source of classification or shelving scheme Damaged status Not for loan Collection code Permanent location Current location Shelving location Date acquired Total Checkouts Full call number Barcode Date last seen Price effective from Koha item type
          Koleksioni i përgjithshem UBT - Lipjan UBT - Lipjan Koleksioni i përgjithshem 04/23/2016   618.2 SME 002-027766 01/05/2017 04/23/2016 Books
          Koleksioni i përgjithshem UBT - Lipjan UBT - Lipjan Koleksioni i përgjithshem 04/23/2016   618.2 SME 002-027771 01/04/2017 04/23/2016 Books
          Koleksioni i përgjithshem UBT - Lipjan UBT - Lipjan Koleksioni i përgjithshem 01/05/2017   618.2 HOG 002-036074 06/13/2016 06/13/2016 Books
          Koleksioni i përgjithshem UBT - Lipjan UBT - Lipjan Koleksioni i përgjithshem 02/25/2021   610.73 SME 002-6000113 02/25/2021 02/25/2021 Books
          Koleksioni i përgjithshem UBT - Lipjan UBT - Lipjan   12/06/2022   610.73 SME 002-800028700260994 12/06/2022 12/06/2022 Books
UBT Library © 2015-2024. All rights reserved University Education for Business and Technology